<?xml version="1.0" encoding="UTF-8"?>
<record
    xmlns:xsi="http://www.w3.org/2001/XMLSchema-instance"
    xsi:schemaLocation="http://www.loc.gov/MARC21/slim http://www.loc.gov/standards/marcxml/schema/MARC21slim.xsd"
    xmlns="http://www.loc.gov/MARC21/slim">

  <leader>01942cam a22003014a 4500</leader>
  <controlfield tag="001">14346927</controlfield>
  <controlfield tag="005">20210414113918.0</controlfield>
  <controlfield tag="008">060420s2007    njua     b    001 0 eng  </controlfield>
  <datafield tag="010" ind1=" " ind2=" ">
    <subfield code="a">  2006043553</subfield>
  </datafield>
  <datafield tag="020" ind1=" " ind2=" ">
    <subfield code="a">0132397900</subfield>
  </datafield>
  <datafield tag="020" ind1=" " ind2=" ">
    <subfield code="a">9780132397902</subfield>
  </datafield>
  <datafield tag="035" ind1=" " ind2=" ">
    <subfield code="a">(OCoLC)ocm67945680</subfield>
  </datafield>
  <datafield tag="040" ind1=" " ind2=" ">
    <subfield code="a">DLC</subfield>
    <subfield code="c">DLC</subfield>
    <subfield code="d">BAKER</subfield>
    <subfield code="d">C#P</subfield>
    <subfield code="d">DLC</subfield>
  </datafield>
  <datafield tag="042" ind1=" " ind2=" ">
    <subfield code="a">pcc</subfield>
  </datafield>
  <datafield tag="050" ind1="0" ind2="0">
    <subfield code="a">HD61.H83</subfield>
  </datafield>
  <datafield tag="082" ind1="0" ind2="0">
    <subfield code="a">332.1068/1</subfield>
    <subfield code="2">22</subfield>
  </datafield>
  <datafield tag="100" ind1="1" ind2=" ">
    <subfield code="a">Hull, John,</subfield>
    <subfield code="d">1946-</subfield>
  </datafield>
  <datafield tag="245" ind1="1" ind2="0">
    <subfield code="a">Risk management and  financial institutions /</subfield>
    <subfield code="c">John Hull.</subfield>
  </datafield>
  <datafield tag="260" ind1=" " ind2=" ">
    <subfield code="a">Upper Saddle River, NJ  :</subfield>
    <subfield code="b">Pearson Prentice Hall,</subfield>
    <subfield code="c">c2007.</subfield>
  </datafield>
  <datafield tag="300" ind1=" " ind2=" ">
    <subfield code="a">xvi, 500 p. :</subfield>
    <subfield code="b">ill. ;</subfield>
    <subfield code="c">24 cm.</subfield>
  </datafield>
  <datafield tag="504" ind1=" " ind2=" ">
    <subfield code="a">Includes bibliographical references and index.</subfield>
  </datafield>
  <datafield tag="505" ind1=" " ind2=" ">
    <subfield code="a">COntents: Introduction -- Finanical products and how they are used for hedging -- How  traders manage their exposures -- Interest rate risk -- Volatility -- Correlation and Copulas -- Bank regulation and base II -- The VaR measure -- Market Risk VaR: Historical simulation approach -- Market Risk VaR: Modeling- Building Approach -- Credit risk: Estimating default probabilities -- Credit risk losses and credit VaR -- Credit Derivatives -- Operational risk -- Model risk and liquidity risk -- Economic Capital and RAROC -- Weather, Energy and insurance derivatives -- BIg losses and what we can learn from them -- Appendix A:  Valuing forward and futures contracts -- Appendix B: Valuing swaps -- Appendix C: Valuing European options -- Appendix D: Valuing American options -- Appendix E : Manipulation of credit transition matrices -- Answers to questions and problems -- Glossary of terms -- Derivagem software.</subfield>
  </datafield>
  <datafield tag="650" ind1=" " ind2="0">
    <subfield code="a">Risk management.</subfield>
  </datafield>
  <datafield tag="650" ind1=" " ind2="0">
    <subfield code="a">Financial institutions</subfield>
    <subfield code="x">Management.</subfield>
  </datafield>
  <datafield tag="906" ind1=" " ind2=" ">
    <subfield code="a">7</subfield>
    <subfield code="b">cbc</subfield>
    <subfield code="c">orignew</subfield>
    <subfield code="d">1</subfield>
    <subfield code="e">ocip</subfield>
    <subfield code="f">20</subfield>
    <subfield code="g">y-gencatlg</subfield>
  </datafield>
  <datafield tag="942" ind1=" " ind2=" ">
    <subfield code="2">lcc</subfield>
    <subfield code="c">BK</subfield>
  </datafield>
  <datafield tag="999" ind1=" " ind2=" ">
    <subfield code="c">590</subfield>
    <subfield code="d">8090</subfield>
  </datafield>
  <datafield tag="952" ind1=" " ind2=" ">
    <subfield code="0">0</subfield>
    <subfield code="1">0</subfield>
    <subfield code="2">lcc</subfield>
    <subfield code="4">0</subfield>
    <subfield code="7">0</subfield>
    <subfield code="a">WIUC-1</subfield>
    <subfield code="b">WIUC-1</subfield>
    <subfield code="c">GEN</subfield>
    <subfield code="d">2012-02-03</subfield>
    <subfield code="l">0</subfield>
    <subfield code="o">HD61.H83</subfield>
    <subfield code="p">1481/12</subfield>
    <subfield code="r">2012-02-03 00:00:00</subfield>
    <subfield code="w">2012-02-03</subfield>
    <subfield code="y">BK</subfield>
  </datafield>
  <datafield tag="952" ind1=" " ind2=" ">
    <subfield code="0">0</subfield>
    <subfield code="1">0</subfield>
    <subfield code="2">lcc</subfield>
    <subfield code="4">0</subfield>
    <subfield code="7">0</subfield>
    <subfield code="a">WIUC-1</subfield>
    <subfield code="b">WIUC-1</subfield>
    <subfield code="c">GEN</subfield>
    <subfield code="d">2012-02-03</subfield>
    <subfield code="l">0</subfield>
    <subfield code="o">HD61.H831</subfield>
    <subfield code="p">1482/12</subfield>
    <subfield code="r">2012-02-03 00:00:00</subfield>
    <subfield code="w">2012-02-03</subfield>
    <subfield code="y">BK</subfield>
  </datafield>
  <datafield tag="952" ind1=" " ind2=" ">
    <subfield code="0">0</subfield>
    <subfield code="1">0</subfield>
    <subfield code="2">lcc</subfield>
    <subfield code="4">0</subfield>
    <subfield code="7">0</subfield>
    <subfield code="a">WIUC-1</subfield>
    <subfield code="b">WIUC-1</subfield>
    <subfield code="c">GEN</subfield>
    <subfield code="d">2012-02-03</subfield>
    <subfield code="l">0</subfield>
    <subfield code="o">HD61.H832</subfield>
    <subfield code="p">1483/12</subfield>
    <subfield code="r">2012-02-03 00:00:00</subfield>
    <subfield code="w">2012-02-03</subfield>
    <subfield code="y">BK</subfield>
  </datafield>
</record>
